000
00342nam a22001577a 4500
003
SGT
020
_a
9788131721247
082
_a
629.136 34,HUA
100
_a
HUANG,YANG H.
245
_a
PAVEMENT ANALYEIS & DESIGN
250
_a
2ND
260
_a
INDIA
_b
PEARSON
_c
2009
300
_a
775
650
_a
CIVIL ENGINEERING
942
_2
ddc
_c
BK
999
_c
25038
_d
25038